| 000 | 00928nam a2200253 a 4500 | ||
|---|---|---|---|
| 001 | 000015382 | ||
| 005 | 20260428112120.0 | ||
| 008 | 100208s2005 dr 001 0 spa d | ||
| 020 | _a9993496626 | ||
| 040 |
_aDO-SdBNP _bspa _cBNPHU |
||
| 082 |
_a070.4 _bP344c |
||
| 100 | 1 |
_aPayero Baquero, Félix M. _911791 |
|
| 245 | 1 | 0 |
_aCompendio de periodismo y redacción : _blibro de texto para estudiantes y profesionales del area de comunicación social / _cFélix M. Payero Baquero. |
| 260 |
_aSanto Domingo : _bSoto Castillo, _c2005. |
||
| 300 |
_a236 p. ; _c23 cm. |
||
| 500 | _aIncluye datos biográficos del autor en la contracubierta | ||
| 504 | _aBibliografía: p. 234-236 | ||
| 590 | _aInventariado,2018/DG | ||
| 650 | 4 |
_aPeriodismo _xHistoria _930 |
|
| 650 | 0 |
_aReportajes _955 |
|
| 650 | 4 |
_aRelaciones públicas _922495 |
|
| 650 | 4 |
_aRedación de escritos técnicos _934750 |
|
| 910 | _aValidado. Control de calodad MFF | ||
| 999 |
_c14944 _d14944 |
||